FAO agricultural series; N30 The state of food and agriculture

Wedi'i Gadw mewn:
Manylion Llyfryddiaeth
Prif Awdur: FAO
Fformat: Llyfr
Iaith:Undetermined
Cyhoeddwyd: Rome FAO 1997
Pynciau:
Tagiau: Ychwanegu Tag
Dim Tagiau, Byddwch y cyntaf i dagio'r cofnod hwn!
Thư viện lưu trữ: Trung tâm Học liệu Trường Đại học Cần Thơ
LEADER 00536nam a2200193Ia 4500
001 CTU_22142
008 210402s9999 xx 000 0 und d
082 |a 640 
082 |b S797/N30 
100 |a FAO 
245 0 |a FAO agricultural series; N30 
245 4 |b The state of food and agriculture 
245 0 |c FAO 
260 |a Rome 
260 |b FAO 
260 |c 1997 
650 |a agriculture - economic aspects,food supply 
904 |i Nguyễn Quang Điền, 980318 
980 |a Trung tâm Học liệu Trường Đại học Cần Thơ